Obálka Náhled e-knihy:
PDF Epub
Pro půjčování e-knih musíte být přihlášeni.
Jak si půjčit online?

Slunečnice /

Nepřikrášlený příběh o tom, jak těžké je dostat se do srdce, na které již usedl prach.

Uloženo v:
Hlavní autor: Gajdošová, Anna (Autor)
Médium: E-kniha
Jazyk:Czech
Vydáno: V Praze : Pointa, 2022
Vydání:První vydání
Témata:
Tagy:
Žádné tagy
LEADER 02443nam a2200421 i 4500
001 311662
003 CZ PrSKC
005 20260601215709.0
007 ta
008 220914s2022 xr d 000 j cze
015 |a cnb003446676 
020 |a 9788076507869  |q (brožováno) :  |c Kč 279,00 
035 |a (OCoLC)1350559375 
040 |a ABG001  |b cze  |e rda 
072 7 |a 821.162.3-3  |x Česká próza  |2 Konspekt 
072 7 |a 821-93  |x Literatura pro děti a mládež (beletrie)  |2 Konspekt 
080 |a 821.162.3-32  |2 MRF 
080 |a 821-93  |2 MRF 
080 |a (0:82-32)  |2 MRF 
100 1 |a Gajdošová, Anna  |4 aut 
245 1 0 |a Slunečnice /  |c Anna Gajdošová 
250 |a První vydání 
264 1 |a V Praze :  |b Pointa,  |c 2022 
300 |a 143 stran ;  |c 20 cm 
336 |a text  |b txt  |2 rdacontent 
337 |a bez média  |b n  |2 rdamedia 
338 |a svazek  |b nc  |2 rdacarrier 
520 2 |a Nepřikrášlený příběh o tom, jak těžké je dostat se do srdce, na které již usedl prach.  |b Matthew je tichý a uzavřený, ale překvapivě chytrý kluk, který se snaží vypořádat s dlouhotrvajícím domácím násilím. Pohledný a sebevědomý Jonathan je na první pohled jeho pravým opakem. Má roztomilou přítelkyni, partu kamarádů a jeho největší problémy se točí okolo nepovedené písemky z matiky. Přestože studují na stejné střední, dlouho o sobě nevědí. Seznámí se až při srážce na chodbě, kdy se Matthewův tajný deníček dostane do Jonathanových věcí. Ten se mu po jeho přečtení rozhodne pomoct. Pustí ho ale Matthew k sobě blíž než ostatní? A jak se vždy ukecaný Jonathan vypořádá s tím, jak velkou moc na něj mají Matthewovy modré oči? Nakladatelská anotace. 
655 7 |a české novely  |7 fd133969  |2 czenas 
655 7 |a publikace pro mládež  |7 fd133157  |2 czenas 
655 9 |a Czech novellas  |2 eczenas 
655 9 |a juvenile literature  |2 eczenas 
900 |a ABA001  |b 19 
928 9 |a Albatros Media - Pointa 
044 |a xr 
910 |a RBIT002 
998 |d 360041  |a https://core.palmknihy.cz/api/books/360041/cover?si6f07  |b https://core.palmknihy.cz/api/books/360041/cover/400?si6f07  |c https://core.palmknihy.cz/api/books/360041/cover/50?si6f07  |e 2026-09-29  |g 152  |i 9788076507869  |j https://core.palmknihy.cz/api/books/360041/preview.epub  |k https://core.palmknihy.cz/api/books/360041/preview.pdf  |l   |q 49  |r 1  |s https://www.palmknihy.cz/kniha/360041  |t ebook  |y 2022  |z 0 
999 |d 311660